Cross-cultural interaction and understanding (Record no. 12043)
[ view plain ]
| 000 -LEADER | |
|---|---|
| fixed length control field | 02483nam a2200385 a 4500 |
| 082 04 - DEWEY DECIMAL CLASSIFICATION NUMBER | |
| Classification number | 303.48/2 |
| 245 00 - TITLE STATEMENT | |
| Title | Cross-cultural interaction and understanding |
| 260 ## - PUBLICATION, DISTRIBUTION, ETC. (IMPRINT) | |
| Place of publication | Hauppauge, N.Y. : |
| Name of publisher | Nova Science Publishers, Inc., |
| Year of publication | 2013. |
| 300 ## - PHYSICAL DESCRIPTION | |
| Number of Pages | 276 p. : |
| Other physical details | ill. (some col.). |
| 490 1# - SERIES STATEMENT | |
| Series statement | Social issues, justice and status |
| Series statement | Focus on civilizations and cultures |
| 505 0# - FORMATTED CONTENTS NOTE | |
| Formatted contents note | Preface -- Cross-cultural interaction & understanding : theory -- At a defining moment : cross-cultural interaction and understanding -- Understanding cultural appropriateness -- Crossing the dsm-iv-tr with culture -- Cross-cultural interaction & understanding : practice -- The African American perspective to cross-cultural interaction and understanding -- The Asian American perspective to cross-cultural interaction and understanding -- The Latino/Hispanic perspective to cross-cultural interaction and understanding -- The bi/multi-ethnic perspective to cross-cultural interaction and understanding -- The sexual minority perspective to cross-cultural interaction and understanding -- The religious/spiritualist perspective to cross-cultural interaction and understanding -- The socio-economic status perspective to cross-cultural interaction and understanding -- Cross-cultural interaction & understanding: reality -- Alien experiences -- Index. |
| 650 #0 - SUBJECT ADDED ENTRY--TOPICAL TERM | |
| Topical Term | Intercultural communication. |
| Topical Term | Cultural pluralism. |
| Topical Term | Social interaction. |
| 700 1# - ADDED ENTRY--PERSONAL NAME | |
| Personal name | Iannotti Tomes, Yuma. |
| 856 40 - ELECTRONIC LOCATION AND ACCESS | |
| Uniform Resource Identifier | http://site.ebrary.com/lib/rucke/Doc?id=10687781 |
No items available.
